000
00251nam a2200109Ia 4500
008
190216s9999||||xx |||||||||||||| ||und||
100
_a
Chandran Mundasseri
245
0
_a
Dwani
260
_b
Sahakarana Sangam
650
_a
Malayalam Novel
942
_c
BK
999
_c
24935
_d
24935